Vida de Don Francisco Goya y Lucientes / (Record no. 140324)

MARC details
000 -CABECERA
campo de control de longitud fija 00649nam a2200217 a 4500
005 - FECHA Y HORA DE LA ÚLTIMA TRANSACCIÓN
campo de control 20221008064256.0
008 - ELEMENTOS DE LONGITUD FIJA--INFORMACIÓN GENERAL
campo de control de longitud fija 081126s1981 es r 000 0 spa d
020 ## - NÚMERO INTERNACIONAL NORMALIZADO PARA LIBROS
Número Internacional Estándar del Libro 8426117163
035 ## - NÚMERO DE CONTROL DEL SISTEMA
Número de control de sistema UPN01000168217
049 ## - COLECCIÓN
Colección CG
050 #4 - SIGNATURA TOPOGRÁFICA DE LA BIBLIOTECA DEL CONGRESO
Número de clasificación ND813 G6
Número de documento/Ítem C3.8 1981
100 1# - ASIENTO PRINCIPAL--NOMBRE PERSONAL
Nombre de persona Castán Palomar, Fernando
245 10 - MENCIÓN DE TÍTULO
Título Vida de Don Francisco Goya y Lucientes /
Mención de responsabilidad, etc. Fernando Castán Palomar.
250 ## - MENCIÓN DE EDICIÓN
Mención de edición 2a ed.
260 ## - PUBLICACIÓN, DISTRIBUCIÓN, ETC.
Lugar de publicación, distribución, etc. Barcelona, Esp. :
Nombre del editor, distribuidor, etc. Juventud,
Fecha de publicación, distribución, etc. 1981.
300 ## - DESCRIPCIÓN FÍSICA
Extensión 224 p. :
Otras características físicas il.
440 #0 - MENCIÓN DE SERIE/ASIENTO SECUNDARIO--TÍTULO
Título Grandes biografías
600 14 - ASIENTO SECUNDARIO DE MATERIA - NOMBRE PERSONAL
Nombre de persona GOYA, FRANCISCO,
Fechas asociadas al nombre 1746-1828
9 (RLIN) 10994
650 #7 - ASIENTO SECUNDARIO DE MATERIA - TERMINO TEMATICO
Término de materia o nombre geográfico como elemento de entrada Pintores españoles
Subdivisión de forma Biografía
Fuente del encabezamiento o término
9 (RLIN) 7738
905 ## - TIPO DE MATERIAL
Tipo de material Libro
Holdings
Estado de retiro Estado de pérdida Fuente del sistema de clasificación o colocación Estado dañado No para préstamo Código de colección Localización permanente Ubicación/localización actual Ubicación en estantería Total de préstamos Clasificación Código de barras Fecha visto por última vez Número de copia Tipo de ítem Koha
    Library of Congress Classification     Colección General Bib. Gregorio Torres Quintero Bib. Gregorio Torres Quintero Planta baja 1 ND813 G6 C3.8 1981 261238 31/12/2020 1 Libro